000 00519fam a2200193 a 4500
020 _a0471000841
040 _cDLC
082 0 0 _a363 WIL 1995 A016 Or.
100 1 _aArnold, Frank S.
245 1 0 _aEconomic analysis of environmental policy and regulation /
250 _a1st ed.
260 _aNew York :
_bWiley,
_c1995.
300 _ax, 251 p. :
_bill ;
_c24 cm.
650 0 _aEnvironmental policy
650 0 _aEnvironmental law.
650 0 _aEnvironmental policy
650 0 _aEnvironmental law
942 _cEK
999 _c11669
_d11669